000
00271nam a22001217a 4500
999
_c
522837
_d
522837
003
NUST
038
_a
Tanveer
082
_a
891.4393
_b
RAH
245
_a
Gehri Chaal /
_c
M.A. Rahat
260
_a
Lahore
_b
Maqbool Academy
_c
2001.
300
_a
324p.
_c
25 cm.
942
_2
ddc
_c
BK